000 00324nab a22001097u 4500
008 130520b1987 xxu||||| |||| 00| 0 spa d
041 _aspa
100 1 _aEbertová, A.
_967409
245 0 0 _aLa mujer trabajadora en Checoslovaquia
_cA. Ebertová
773 0 _tConcilium
_gV.2,1987,págs.381-388
_x0210-1041
_wRev134
942 _cAR
999 _c355313
_d355313